| 000 | 01303nam a2200289Ia 4500 | ||
|---|---|---|---|
| 003 | OSt | ||
| 005 | 20221005110551.0 | ||
| 006 | a|||||r|||| 00| 0 | ||
| 007 | ta | ||
| 008 | 221004b |||||||| |||| 00| 0 hin d | ||
| 020 |
_a9788126351508 (hbk) _cINR 550.00 |
||
| 024 | _a37548 | ||
| 037 |
_bBW/1696, 15/03/2018, Bookwell _cTextual |
||
| 040 |
_aCRL _cCRL _bhin |
||
| 041 |
_2hin _ahin |
||
| 082 | _aO152,3N41,KS, Q3 | ||
| 100 | _aवर्मा, सुरेन्द्र, ले. | ||
| 245 | 0 |
_aकाटना शमी का वृक्ष पद्यपंखुरी की धार से _b एक दृश्य काव्याख्यान |
|
| 246 | _aKāṭanā shamī kā vṛukṣha padyapankhurī kī dhār se: ek dṛushya kāvyākhyāna | ||
| 260 |
_aनई दिल्ली _bभारतीय ज्ञानपीठ भारत _c2013 |
||
| 300 |
_a530पृ0 _ccm. |
||
| 490 | _aलोकोदय ग्रन्थमाला; ग्रन्थांक 1046 | ||
| 650 | _a हिन्दी साहित्य | ||
| 650 | _aहिन्दी कहानी | ||
| 942 |
_hO152,3N41,KS, Q3 _cTEXL _2cc |
||
| 999 |
_c1019228 _d1019228 |
||